000 00332nam a2200133Ia 4500
008 240624s9999 xx 000 0 und d
041 _aeng
082 _a519.5 DAS
100 _aDAS N G
245 _aSTATISTICAL METHODS VOLUME I
260 _c2015
_aNew Delhi
_bTata McGraw-Hill
300 _a449 : p. : cm. ; 28
365 _cRS
_b33
999 _c25830
_d25830